1681 1621 1208 1571 1146 1972 1565 1155 1965 1467 1832 1245 1841 1989 1819 1546 1155 1282 1791 1030 1546 1947 1462 1326 1293 1984 1687 1228 1852 1957 1370 1169 1668 1890 1304 1395 1923 1962 1443 1812 1081 1862 1024 1296 1306 1546 1754 1202 1167 1881 1011 1322 1617 1318 1572 1797 1926 1422 1748 1826 1971 1730 1087 1146 1023 1727 1302 1969 1333 1980 1417 1559 1434 1292 1701 1235 1489 1396 1897 1832 1570 1956 1609 1792 1211 1848 1548 1971 1389 1163 1380 1761 1363 1445 1700 1179 1836 1141 1058 BCNSPRNW ULIB Ver.6.0+V

เปลี่ยนเป็นภาษาไทย

Change to English
 แสดงรายละเอียดบรรณานุกรม
  กลับหน้าหลัก

Brief Record : Get Marc (ISO 2709) : E-mail record : QR code < ปิดหน้าต่าง
LEADER : 00000nam 2200000uu 4500
001    13399126203
003     ULIB
008    180725s2017||||th 000 0 tha d
020    ^a9780323392457
060    ^aWY159^bN974
245    ^aNursing Key Topics Review:Pediatrics.
260    ^aLouis, Missouri :^bElsevier Limited,^c2017
300    ^a455 pages;^b26 cm
650    ^aNursing^xPediatrics
945    ^p0^l0^i26420
999    ^aกัณชพร จุลอักษร
รายการนี้ยังไม่มีแท็ก
คุณยังไม่ได้ล็อกอิน คุณสามารถมีกิจกรรมร่วมกับเว็บไซต์ได้ แต่ต้องล็อกอินก่อน ::
  ล็อกอิน

รายการสื่อสารสนเทศ

ลำดับที่ ประเภท เลขเรียก/บาร์โค้ด สถานที่ สถานะ
1. วิทยาศาสตร์การแพทย์ และสุขภาพ
วิทยาศาสตร์การแพทย์ และสุขภาพ
WY159 N974 ฉ.1 
  Barcode: 26420
ห้องสมุดวิทยาเขตนครสวรรค์
►หนังสือทั่วไป:l:General Books
บนชั้น

รายการใกล้เคียง
    ชื่อเรื่อง [Nursing Key Topics Review:Pediatrics.]

BibComment


ยังไม่เคยถูกคอมเมนท์

คอมเมนท์ทรัพยากรรายการนี้
  คอมเมนท์: Nursing Key Topi..


 Copyright 2026. Bcnsprnw @Library